000 00533nam a2200193Ia 4500
999 _c1460
_d1460
003 OSt
005 20200928103547.0
008 190216s9999||||xx |||||||||||||| ||und||
020 _a8171332668
040 _coclc
082 _a574.192
_bSRI/E
100 _aSrivastava, H S
_95044
245 0 _aElements Of Biochemistry /
_cH S Srivastava
250 _a4th Ed.
260 _bRasthogi Publications,
_c1997.
_aMeerut:
300 _a307p
650 _aBotany
942 _cBK
_2ddc
_h574.192
_iSRI/E
_k574.192
_mSRI/E